[Event "Quebec-ch U10"]
[Site "Montreal"]
[Date "2017.03.04"]
[Round "2"]
[White "Chang, Alexander Rz"]
[Black "Lattore, Vincent"]
[Result "1-0"]
[WhiteElo "1629"]
[BlackElo "1110"]
[PlyCount "109"]
[EventDate "2017.03.04"]
[EventType "swiss"]
[EventRounds "5"]
[EventCountry "CAN"]
[SourceTitle "EXT 2022"]
[Source "ChessBase"]
[SourceDate "2021.10.06"]
[SourceVersion "1"]
[SourceVersionDate "2021.10.06"]
[SourceQuality "1"]

1. e4 e5 2. Nf3 Nc6 3. Bc4 Bc5 4. 0-0 d6 5. d3 Nf6 6. c3 Bg4 7. a4 a6 8. b4 Ba7 9. Re1 0-0 10. Nbd2 Re8 11. Qb3 Be6 12. Bxe6 Rxe6 13. Nf1 Ng4 14. Be3 Bxe3 15. Nxe3 Nxe3 16. Rxe3 h6 17. Nd2 Qg5 18. Nf1 Ne7 19. Rg3 Qf6 20. Ne3 h5 21. Qd1 Qh6 22. Rh3 g6 23. Qf3 Rf8 24. Rg3 c6 25. c4 Kg7 26. Nf1 Kg8 27. Qe3 Qxe3 28. Rxe3 f5 29. f3 fxe4 30. dxe4 d5 31. Nd2 d4 32. Rd3 Kg7 33. c5 Kh6 34. Nc4 g5 35. Nd6 Rb8 36. a5 Kg6 37. g3 Nc8 38. Nc4 g4 39. fxg4 hxg4 40. Rf1 Ne7 41. Nd6 Nc8 42. Rf8 Kg7 43. Rxc8 Rxc8 44. Nxc8 Kg6 45. Nd6 Re7 46. Kf2 Rh7 47. Kg2 Rg7 48. Nc4 Kf6 49. Rd2 Ke6 50. Nb2 Kf6 51. Rf2+ Ke6 52. Nd3 Rc7 53. Rf5 Rd7 54. Rxe5+ Kf7 55. Rg5 1-0